Normal view MARC view
  • KAUR, DR. KULDEEP

Entry Personal Name

Number of records used in: 1

001 - CONTROL NUMBER

  • control field: 8691

003 - CONTROL NUMBER IDENTIFIER

  • control field: JRU

005 - DATE AND TIME OF LATEST TRANSACTION

  • control field: 20250917115016.0

008 - FIXED-LENGTH DATA ELEMENTS

  • fixed length control field: 250917|| aca||aabn | a|a d

040 ## - CATALOGING SOURCE

  • Original cataloging agency: JRU
  • Transcribing agency: JRU

100 ## - HEADING--PERSONAL NAME

  • Personal name: KAUR, DR. KULDEEP

670 ## - SOURCE DATA FOUND

  • Source citation: Work cat.: (JRU)8826: KAUR, DR. KULDEEP, BANKING LAW